000 00712nam a22002890a 4500
001 PT58806
003 AR-LpoUNG
005 20210131231902.0
008 191001s2017||||ag |||||||||||||||||spa d
020 _a9789873616679
_c$10
040 _aAR-LpoUNG
_bspa
_cAR-LpoUNG
_eaacr
041 _aspa
044 _aag
082 0 _aA863 985flo
100 1 _aMuslip, Eduardo
245 1 0 _aFlorentina
250 _a1ra. ed.
260 _aBuenos Aires :
_bBlatt y Ríos,
_c2017.
300 _a134 p. :
_bgráfs.
650 4 _aARGENTINA
650 4 _aLITERATURA
650 4 _aNOVELAS
651 4 _aDOCUMENTOS TEORICOS O METODOLOGICOS
653 _aLITERATURA ARGENTINA
905 _a58806
942 _cLIB
999 _c12422
_d12422